Memoria sobre la intervención del Estado en el reino de Italia en la producción y el comercio del vino / (Record no. 53251)

MARC details
000 -LEADER
campo de control de longitud fija 00911nam a2200217 i 4500
001 - NÚMERO DE CONTROL
campo de control 53251
003 - IDENTIFICADOR DE NÚMERO DE CONTROL
campo de control ES-MaACL
005 - FECHA Y HORA DE LA ÚLTIMA TRANSACCIÓN
campo de control 20230906162731.0
007 - CAMPO FIJO DE DESCRIPCIÓN FÍSICA--INFORMACIÓN GENERAL
campo de control de longitud fija t|
008 - DATOS DE LONGITUD FIJA--INFORMACIÓN GENERAL
campo de control de longitud fija 940202s1888 sp ||||1| spa d
100 1# - ENTRADA PRINCIPAL--NOMBRE DE PERSONA
Nombre de persona Dupuy de Lôme, Enrique.
9 (RLIN) 46143
245 10 - MENCIÓN DEL TÍTULO
Título Memoria sobre la intervención del Estado en el reino de Italia en la producción y el comercio del vino /
Mención de responsabilidad, etc. redactada por D. Enrique Dupuy de Lome.
260 ## - PUBLICACIÓN, DISTRIBUCIÓN, ETC.
Lugar de publicación, distribución, etc. Madrid :
Nombre del editor, distribuidor, etc. [s.n.],
Fecha de publicación, distribución, etc. 1888 (
Fabricante Miguel Romero, imp.)
300 ## - DESCRIPCIÓN FÍSICA
Extensión 155 p., [2] h. pleg. ;
Dimensiones 23 cm.
530 ## - NOTA DISPONIBLE DE FORMULARIO FÍSICO ADICIONAL
Nota de formato físico adicional disponible Disponible en formato digital.
594 ## - Nota al título y mención de responsabilidad
Nota al título y mención de responsabilidad Precede al tít. en cub.: Ministerio de Fomento.
650 #4 - PUNTO DE ACCESO ADICIONAL DE MATERIA--TÉRMINO DE MATERIA
Término de materia o nombre geográfico como elemento de entrada Industria vitivínicola.
9 (RLIN) 141183
710 1# - ENTRADA AGREGADA--NOMBRE DE ENTIDAD CORPORATIVA
Nombre de entidad corporativa o nombre de jurisdicción como elemento de entrada España.
Unidad subordinada Ministerio de Fomento.
9 (RLIN) 3868
852 ## - LOCALIZACIÓN
Ubicación ES-MaACL
Número de control de estantería T-943-F-4
Nota libre - Donat. del Ministerio de Fomento
856 ## - LOCALIZACIÓN Y ACCESO ELECTRÓNICOS
Identificador Uniforme de Recursos <a href="http://bdh-rd.bne.es/viewer.vm?id=0000254079&page=1 ">http://bdh-rd.bne.es/viewer.vm?id=0000254079&page=1 </a>
Nota pública Biblioteca Digital Hispánica
Holdings
Estatus retirado Estado de pérdida Estado de daño No para préstamo Colección Biblioteca de origen Biblioteca actual Ubicación en estantería Fecha de adquisición Fuente de adquisición Total de préstamos Signatura topográfica completa Código de barras Visto por última vez Precio de reemplazo Tipo de ítem Koha
        Colección de folletos Biblioteca del Ateneo de Madrid Biblioteca del Ateneo de Madrid Depósito folletos 17/01/2008     T-943-F-4 1055951 23/02/2023 23/02/2023 Folleto